|
|
|
|
| LEADER |
00000nab a2200000uu 4500 |
| 001 |
vtls011434138 |
| 003 |
SK-MaSNL |
| 005 |
20260303145835.0 |
| 008 |
230222|1997 xo |||||||||||||||||eng| |
| 015 |
|
|
|a SNBRB
|
| 035 |
|
|
|a (urnnbn)urn:nbn:sk:snk:ar-001qtd
|
| 035 |
|
|
|a (uuid)a3e2710c-909b-4e35-8c69-b775fab88afc
|
| 035 |
|
|
|a urn:nbn:sk:snk-abca1t
|
| 040 |
|
|
|a SNKBUCL
|b slo
|c SNKBUCL
|e AACR2
|
| 041 |
0 |
|
|a eng
|
| 044 |
|
|
|a xo
|c SK
|
| 100 |
1 |
|
|a Brtek, Ján
|4 aut
|9 397346
|
| 245 |
1 |
0 |
|a CHECKLIST OF THE VALID AND INVALID NAMES OF THE "LARGE BRANCHIOPODS" (ANOSTRACA, NOTOSTRACA, SPINICAUDATA AND LAEVICAUDATA), WITH A SURVEY OF THE TAXONOMY OF ALL BRANCHIOPODA
|c Ján Brtek
|
| 773 |
0 |
|
|t Zborník Slovenského národného múzea
|g Roč. 43, č. 43 (1997), s. 3-66
|
| 958 |
|
|
|a OND
|
| 958 |
|
|
|a EUIPO
|
| 958 |
|
|
|a article16
|
| 999 |
|
|
|c 2005698
|d 2007628
|